Methods and applications of longitudinal data analysis / (Record no. 31696)
[ view plain ]
| 000 -LEADER | |
|---|---|
| fixed length control field | 01158cam a22002657i 4500 |
| 001 - CONTROL NUMBER | |
| control field | 18661420 |
| 005 - DATE AND TIME OF LATEST TRANSACTION | |
| control field | 20230717150823.0 |
| 008 - FIXED-LENGTH DATA ELEMENTS--GENERAL INFORMATION | |
| fixed length control field | 150616s2016 ne a f b 001 0 eng d |
| 010 ## - LIBRARY OF CONGRESS CONTROL NUMBER | |
| LC control number | 2015944143 |
| 020 ## - INTERNATIONAL STANDARD BOOK NUMBER | |
| International Standard Book Number | 9780128013427 (hardback) |
| 035 ## - SYSTEM CONTROL NUMBER | |
| System control number | (OCoLC)ocn924615380 |
| 040 ## - CATALOGING SOURCE | |
| Original cataloging agency | YDXCP |
| Language of cataloging | eng |
| Transcribing agency | YDXCP |
| Description conventions | rda |
| Modifying agency | OCLCO |
| -- | OCLCF |
| -- | OUN |
| -- | DLC |
| 042 ## - AUTHENTICATION CODE | |
| Authentication code | lccopycat |
| 050 00 - LIBRARY OF CONGRESS CALL NUMBER | |
| Classification number | QA2 78 .L562 2016 |
| 082 00 - DEWEY DECIMAL CLASSIFICATION NUMBER | |
| Classification number | 519.5 |
| Edition number | 23 |
| 100 1# - MAIN ENTRY--PERSONAL NAME | |
| Personal name | Liu, Xian |
| Fuller form of name | (Xian X.), |
| Relator term | author. |
| 245 10 - TITLE STATEMENT | |
| Title | Methods and applications of longitudinal data analysis / |
| Statement of responsibility, etc. | Xian Liu, Uniformed Services University of the Health Sciences, DoD Deployment Health Clinical Center, Defense Centers of Excellence, Walter Reed National Military Medical Center . |
| 300 ## - PHYSICAL DESCRIPTION | |
| Extent | xviii, 511 pages ; |
| Dimensions | 25 cm |
| 504 ## - BIBLIOGRAPHY, ETC. NOTE | |
| Bibliography, etc | Includes bibliographical references and indexes |
| 650 #0 - SUBJECT ADDED ENTRY--TOPICAL TERM | |
| Topical term or geographic name as entry element | Longitudinal method. |
| 650 #7 - SUBJECT ADDED ENTRY--TOPICAL TERM | |
| Topical term or geographic name as entry element | Longitudinal method. |
| Source of heading or term | fast |
| 906 ## - LOCAL DATA ELEMENT F, LDF (RLIN) | |
| a | 7 |
| b | cbc |
| c | copycat |
| d | 2 |
| e | ncip |
| f | 20 |
| g | y-gencatlg |
| 942 ## - ADDED ENTRY ELEMENTS (KOHA) | |
| Source of classification or shelving scheme | |
| Koha item type | Hard Covered Materials |
| Classification part | QA2 78 .L562 2016 |
| Withdrawn status | Lost status | Source of classification or shelving scheme | Damaged status | Not for loan | Home library | Current library | Shelving location | Date acquired | Source of acquisition | Total Checkouts | Full call number | Barcode | Date last seen | Price effective from | Koha item type |
|---|---|---|---|---|---|---|---|---|---|---|---|---|---|---|---|
| MACHAKOS UNIVERSITY LIBRARY | MACHAKOS UNIVERSITY LIBRARY | Open shelf | 17/07/2023 | Donation (falcon books) | QA 278 .L562 2016 | 39490 | 17/07/2023 | 17/07/2023 | Hard Covered Materials |